|
|
|
|
| LEADER |
01182pam a22002778a 4500 |
| 001 |
00015709 |
| 005 |
20171026081022.0 |
| 008 |
110330s1995 ||||||Viesd |
| 041 |
0 |
# |
|a Vie
|
| 082 |
1 |
4 |
|a 959.703 109 2
|b H450CH
|
| 100 |
0 |
# |
|a Phạm Hồng Chương
|
| 245 |
0 |
0 |
|c Phạm Hồng Chương (chủ biên) ; Lê Văn Tích , Ngô Văn Tuyển , Nguyễn Văn Khoan , Hoàng Thị Nữ
|n Tập 7
|p 1958 - 1960
|a Hồ Chí Minh biên niên tiểu sử
|
| 260 |
# |
# |
|a H.
|b Chính trị quốc gia
|c 1995
|
| 300 |
# |
# |
|a 619 tr.
|c 20 cm.
|
| 500 |
# |
# |
|a Đầu trang tên sách ghi : Viện nghiên cứu chủ nghĩa Mác - Lê nin và tư tưởng Hồ Chí Minh
|
| 653 |
# |
# |
|a Giai đoạn 1958 - 1960
|a Hồ Chí Minh
|a Biên niên tiểu sử
|a Tiểu sử
|a Việt Nam
|
| 700 |
0 |
# |
|a Hoàng Thị Nữ
|
| 700 |
0 |
# |
|a Lê Văn Tích
|
| 700 |
0 |
# |
|a Nguyễn Văn Khoan
|
| 700 |
0 |
# |
|a Ngô Văn Tuyển
|
| 852 |
# |
# |
|b Kho đọc
|j KD.0001007
|
| 852 |
# |
# |
|j KD.0001007
|
| 910 |
|
|
|d 30/03/2011
|
| 980 |
# |
# |
|a Trung tâm Học liệu Lê Vũ Hùng, Trường Đại học Đồng Tháp
|